Visualizzazione normale
Vista MARC
- Ford C.S., Pollock R., Nash A., Russel B., Evdokimov P., Mounier E., Burger-Prins H.,
di Personal Name
Records bibliografici associati: 1
001 - CONTROL NUMBER
- control field: 59840
003 - CONTROL NUMBER IDENTIFIER
- control field:
005 - DATE AND TIME OF LATEST TRANSACTION
- control field: 20230329104802.0
008 - FIXED-LENGTH DATA ELEMENTS
- fixed length control field: 230329|| aca||aabn | a|a d
040 ## - CATALOGING SOURCE
- Original cataloging agency:
- Transcribing agency:
100 ## - HEADING--PERSONAL NAME
- Personal name: Ford C.S., Pollock R., Nash A., Russel B., Evdokimov P., Mounier E., Burger-Prins H.,
- Personal name: Schultz J.H., Garat L., Schulte G., Haffter C., Walker K., Barker J., Fischer B.,
- Personal name: Horney K., Giese H., Marcuse M., Koestler A., Cameron N., Thompson E.
- Personal name: Jaspers K., Bain R., Cereti G., Rossi L., Haire N., Williams W., Billings J.,
- Personal name: Chevalier V., Bolle F., Gilbert G., Henri A., keieffer L., Mergen A., Bunge G.,
- Personal name: Desoille H., Meng H., Whitaker P., Hasselmann C.M., Hamburger C., Dahn H.,
- Personal name: Storup G., Dahl-Iversen E., Dogs W., Siebeke E., Hesse P
670 ## - SOURCE DATA FOUND
- Source citation: Work cat.: ()209634: Willy A., Jamont C. (a cura di) 59838, Enciclopedia della sessualità. , 1974